00704nam a2200229Ia 4500003000400000005001700004008004100021020001400062040000700076041000800083082002000091100003500111245004000146250000700186260002900193300002200222365001300244906004100257942001200298999001900310952014500329OSt20230403101413.0210423s2007 xx 000 0 und d a324366086 cAL aeng a657.48 REEJ223 aREEVE (James M);others.982190 aPrinciples of financial accounting. a10 aAustraliabThomsonc2007 axxix,792,I-12bPB b595cINR aaccounting. ; financial ; Principles 2ddccBK c158542d158542 001040708MCOMaSACPGbSACPGd2010-07-29eAthulya Booksg595.00l1o657.48 REEJpPG005019r2023-09-12 00:00:00s2023-09-11w2021-04-26yBK